00438nam a2200181Ia 4500008004100000020001400041050001400055100002300069245003800092245002600130260001500156260002200171260000900193300001600202300002000218300001000238500000800248170918s9999 xx 000 0 und d a590428837 bD295 1985 aDeClements, Barthe aSixth grade can really kill you / cby Barthe DeClements. aNew York : bApple Paperbacks, c1985 a146 pages : billustrations ; c19cm. a700